| Tag |
First Indicator |
Second Indicator |
Subfields |
| LEADER |
00000cam a2200000 a 4500 |
| 001 |
in00001069286 |
| 005 |
20150929093020.0 |
| 008 |
841205s1984 txu s00000 eng d |
| 020 |
|
|
|c $1.00
|
| 035 |
|
|
|a (OCoLC)11457125
|
| 035 |
|
|
|9 AFM7642AM
|
| 040 |
|
|
|a IKM
|c IKM
|d UtOrBLW
|
| 049 |
|
|
|a IKMd
|
| 086 |
|
|
|a E510.8 As74reo
|2 txdocs
|
| 099 |
|
9 |
|a E510.8
|a As74reo
|
| 245 |
0 |
0 |
|a Texas Assessment of Basic Skills :
|b reading objectives and measurement specifications, 1986 : grade 3, grade 5, and grade 9.
|
| 264 |
|
1 |
|a Austin, Tex. :
|b Division of Educational Assessment, Texas Education Agency,
|c [1984]
|
| 300 |
|
|
|a vi, 42 pages ;
|c 28 cm.
|
| 336 |
|
|
|a text
|b txt
|2 rdacontent
|
| 337 |
|
|
|a unmediated
|b n
|2 rdamedia
|
| 338 |
|
|
|a volume
|b nc
|2 rdacarrier
|
| 500 |
|
|
|a "August 1984."
|
| 500 |
|
|
|a "GE4 442 03."
|
| 650 |
|
0 |
|a Educational tests and measurements
|z Texas.
|
| 650 |
|
0 |
|a Reading (Elementary)
|z Texas.
|
| 710 |
2 |
|
|a Texas Education Agency.
|b Division of Educational Assessment.
|
| 740 |
0 |
|
|a Reading objectives and measurement specifications, 1986, grade 3, grade 5, and grade 9.
|
| 999 |
|
|
|a MARS
|
| 999 |
f |
f |
|s ebdb9fb9-ae3c-3aae-b557-cba52cf92514
|i 8a142dd7-52e5-349d-b5e0-9431ba51b9fa
|t 0
|
| 952 |
f |
f |
|p normal
|a Texas A&M University
|b College Station
|c Sterling C. Evans Library
|d Evans: Texas Documents (Annex 5th floor)
|t 0
|e E510.8 As74reo
|h Superintendent of Documents classification
|i unmediated -- volume
|m A14812685318
|
| 998 |
f |
f |
|a E510.8 As74reo
|t 0
|l Evans: Texas Documents (Annex 5th floor)
|